00586cam a2200193Ii 45000010008000000030004000080050017000120080041000290350015000700400018000850500018001030820017001211000031001382450108001692600051002773000020003287000020003487000024003683573047OSt20181024132450.0780120s1974 ii 000 0 eng d atcgc211035 aKATcKATdTSM aBV5082b.S512 a248.2bS617A1 aSingh, Sundar,d1889-1929.10aAt the Master's feet /cby Sadhu Sundar Singh ; translated from the Urdu by Arthur and Rebeecca Parker. aMadras :bChristian Literature Society,c1974. a55 p. ;c18 cm.1 aParker, Arthur.1 aPārkar, E.,cMrs.